000 00708nam a22002177a 4500
005 20260318153704.0
010 _aENG-147937
020 _a9789384753245
_c250.00
035 _aEN-131469
082 _a181.43
_b1
100 _aSaraswati Niranjanananda Swami
_988605
245 _aOn the Wings of the Swan /
_cSwami Niranjanananda Saraswati
_hEnglish
250 _a1
260 _aBIhar
_c1
_bYoga Publication Trust, Ganga Darshan
270 _aYoga Publication Trust, Ganga Darshan
_bBihar
300 _a136pbk.:
_bcol.ill.
_c22cm.(pbk)
700 _aSaraswati Niranjananananda Swami
_988567
942 _2ddc
_cEN
_h181.43
_mSAR
_e2015
999 _c215634
_d215634